Shapes of South China Sea Countries - Statistics

General Stats
  • This quiz has been taken 150 times
  • The average score is 8 of 8
Answer Stats
Country % Correct
Philippines
99%
Vietnam
98%
Indonesia
97%
China
96%
Malaysia
95%
Taiwan
94%
Brunei
90%
Singapore
90%
No matching quizzes found
Score Distribution
Percent of People with Each Score
Percentile by Number Answered
Your Score History
You have not taken this quiz